000
00329nam a2200133Ia 4500
008
240624s9999 xx 000 0 und d
041
_a
eng
082
_a
332.4 MAR
100
_a
MARSHALL JOHN F
245
_a
UNDERSTANDING SWAPS
260
_c
1993
_a
New York
_b
John Wiley
300
_a
xvi, : 270 : p. : cm. ; 24
365
_c
_b
28
999
_c
11692
_d
11692